000 00902nas a2200253 4500
001 BR6300262
003 BR-BrBNA
005 20231205082200.0
007 ta
008 230509b bl.|||p| |||| 00| 00por d
040 _aBR-BrBNA
_bpor
_cBiblioteca Nacional de Agricultura
041 _a(Pt)
072 _aF61
100 1 _aBarros, M.A.A. de
245 1 _aEstudo comparativo das domacias de folhas normais e domacias de folhas cujas plantas foram cultivadas com deficiencias e excessos de micronutrientes (Fe, Mn, Mo e Cu), em Coffea arabica L. variedade caturra K.M.C.
650 _aCAFE
650 _aDEFICIENCIA
650 _aMICROELEMENTO
650 _aVARIEDADE
650 _aDOMACIA
773 0 _tAnais da Escola Superior de Agricultura Luiz de Queiroz (Brazil)
_xISSN 0071-1276
_g(1963), v. 20 p. 229-256
_wBR6300262
909 _a202311
_bLúcia
_c55
_dLúcia Elande
942 _2AGRIS
_n0
_cANA
999 _c89778
_d89778